Statistiken für A bis Z und Umlaute und 1 bis 9 und 0 (mit gelber Box)!!!!!!

Klicken Sie hier um das Quiz zu spielen!

Allgemein

  • Dieses Quiz wurde 346 mal gespielt
  • Das Durchschnittsergebnis liegt bei 25 aus 40

Antwortstatistiken

Buchstaben% Korrekt
A
100%
B
100%
C
99%
D
98%
E
98%
F
96%
G
96%
H
96%
I
96%
J
94%
K
93%
L
92%
M
90%
N
88%
O
86%
P
83%
Q
82%
R
80%
S
79%
T
79%
U
76%
V
75%
W
73%
X
69%
Y
68%
Z
64%
Ä
49%
Ö
40%
Ü
37%
ß
26%
1
18%
2
17%
3
15%
4
13%
5
13%
6
11%
7
9%
8
8%
9
8%
0
6%

Verteilung der Resultate

Perzentil nach korrekt beantworteten Fragen

Anzahl Personen mit jedem Resultat

Ihre Resultats-Entwicklung

Sie haben dieses Quiz noch nicht gespielt